000
00303nam a22001337a 4500
008
211011b ||||| |||| 00| 0 eng d
041
_a
eng
080
_a
371
082
_a
371
100
_a
46
101
_a
EDU
245
_a
Writting with a Thesis A Rhetoric and Reader
_c
Skwire,D
942
_2
udc
_c
BK
999
_c
58121
_d
58121